| 000 | 00821nam a22002177a 4500 | ||
|---|---|---|---|
| 999 |
_c17091 _d17091 |
||
| 003 | AR-CdUCM | ||
| 008 | 190507b ||||| |||| 00| 0 spa d | ||
| 040 |
_aMUNICIPALIDAD PROVINCIAL DEL CUSCO _cBIBLIOTECA MUNICIPAL DEL CUSCO |
||
| 082 |
_a190.04 / _bL37 |
||
| 100 |
_aLaugel, Auguste _936924 |
||
| 245 | _aLos problemas del alma / | ||
| 260 |
_aValencia : _bF. Sempere, _c1910. |
||
| 300 |
_a212 paginas ; _c18 cm. |
||
| 505 | _aContendió :El alma del animal --La cercanías del cerebro --El c cerebro --El sueño - La locura - La cerebracion inconsciente --La sensación --Ciencia y psicología ... | ||
| 650 |
_aPsicología _91538 |
||
| 650 |
_aPsicología fisiológica _936925 |
||
| 650 |
_aLibre albedrío y determinismo _923278 |
||
| 650 |
_aAlma _96475 |
||
| 942 |
_2ddc _cLIBROS |
||
| 945 |
_arjall _d2019-05-07 |
||